Kreuzworträtsel: US-Bundesstaaten und ihre Hauptstädte - Statistiken

Allgemein
  • Dieses Quiz wurde 2.609 mal gespielt
  • Das Durchschnittsergebnis liegt bei 13 aus 23
Antwortstatistiken
Antwort % Korrekt
Texas
91%
New York
83%
Nevada
80%
Ohio
80%
Utah
76%
Boston
71%
Idaho
71%
Iowa
71%
Colorado
70%
Wyoming
68%
Frankfort
65%
WASHINGTON, D.C.
62%
Nashville
55%
Salt Lake City
51%
Santa Fe
50%
Richmond
41%
Albany
39%
Boise
38%
Des Moines
37%
Dover
35%
Pierre
35%
Providence
34%
Trenton
33%
Keine übereinstimmenden Quizze gefunden
Verteilung der Resultate
Anzahl Personen mit jedem Resultat
Perzentil nach korrekt beantworteten Fragen
Ihre Resultats-Entwicklung
Sie haben dieses Quiz noch nicht gespielt